000 00871cam a2200217 i 4500
001 117444
005 20230410142352.0
008 140902s1991 sp b 001 0 spa |
050 1 4 _a
_b
100 1 _aBurguière, André.
245 0 0 _aDiccionario de Ciencias Históricas /
_cAndré Burguière.
260 _aMadrid :
_bAkal ,
_c1991.
300 _a702 p. ;
_c25 cm.
440 0 _aSerie Diccionarios 6.
490 1 _aSerie Diccionarios 6.
500 _aIncluye índice.
504 _aIncluye bibliografía.
520 _aHoy es consciente todo historiador de que el objeto de su diciplina no es el pasodo en sí mismo, sino aquello que, en las huellas que el paso nos deja, aún pueda responder a las cuestiones que hoy nos planteamos. Lo asignado a la historia no es, pues, "resurrección", sino una labor de comprensión.
942 _2lcc
_cbk
946 _aDGG.
999 _c94420
_d94420